00000000nam 2200000zi 4500
0019.946510
003CaOODSP
00520250107072034
006m     o  d f      
007cr mn|||||||||
008250106s1999    oncab   o    f000 0 eng d
020 |a066264252X |q(bilingual ; |qprint)
040 |aCaOODSP|beng|erda|cCaOODSP
043 |an-cn---|ae-fr---
045 |ax4x4
0861 |aV32-59/1999E-PDF|zV32-59/1999
1001 |aGranatstein, J. L., |eauthor.
24510|aNormandy 1944 / |cJ.L. Granatstein.
24614|aNormandy 1944-1999 : |b55th anniversary
264 1|a[Ottawa] : |bGovernment of Canada, Veterans Affairs = Gouvernement du Canada, Anciens combattants, |c[1999]
300 |a1 online resource (58 pages) : |billustrations, maps (some colour)
336 |atext|btxt|2rdacontent
337 |acomputer|bc|2rdamedia
338 |aonline resource|bcr|2rdacarrier
500 |aIssued also in French under title: Normandie 1944.
500 |a"Published to commemorate the 55th anniversary of the D-Day landings and the Normandy campaign"--Verso of cover.
500 |a"Produced by: Communications Division, Veterans Affairs Canada, …"--Verso of cover.
500 |aDigitized edition from print.
61010|aCanada. |bCanadian Army|xHistory|yWorld War, 1939-1945.
650 0|aWorld War, 1939-1945|xCampaigns|zFrance|zNormandy.
650 0|aWorld War, 1939-1945|zCanada.
7101 |aCanada. |bVeterans Affairs Canada. |bCommunications Division, |eissuing body.
77508|tNormandie 1944 / |w(CaOODSP)9.946511
7760#|tNormandy 1944 / |w(CaOODSP)9.660995
85640|qPDF|s12.20 MB|uhttps://publications.gc.ca/collections/collection_2025/acc-vac/V32-59-1999-eng.pdf